Bytový dom

Guardado en:
Detalles Bibliográficos
Autor principal: Kovács, Arnold (Autor)
Otros Autores: Bažík, Peter (Orientador)
Formato: Manuscrito Libro
Lenguaje:eslovaco
Publicado: 2015
Materias:
Acceso en línea:http://is.stuba.sk/zp/portal_zp.pl?podrobnosti=113482
https://opac.crzp.sk/?fn=detailBiblioForm&sid=FF44C990A7CA883E4D8D51929FD7
Etiquetas: Agregar Etiqueta
Sin Etiquetas, Sea el primero en etiquetar este registro!

MARC

LEADER 00000ntm a22000003a 4500
001 stuzp52354
003 SK-STU
005 20230814135908.0
007 ta
008 150427s2015----xo-----f-mn---000-0-slo-d
040 |a STU  |b slo 
041 0 |a slo 
100 1 |a Kovács, Arnold  |u 010270  |4 aut  |U SvF Stavebná fakulta  |T SvF Katedra technológie stavieb  |X 9664  |U V270  |Y 28  |7 9664 
242 0 1 |a The residential bulding  |y eng 
245 1 0 |a Bytový dom 
260 |c 2015 
650 4 |a bytový dom  |2 slo 
650 4 |a technologický predpis  |2 slo 
650 4 |a zemné práce  |2 slo 
650 4 |a výkop rýh  |2 slo 
650 4 |a residential bulding  |2 eng 
650 4 |a ground works  |2 eng 
650 4 |a technological regulation  |2 eng 
700 1 |a Bažík, Peter  |4 ths  |X 49118  |7 A000049118 
856 4 |u http://is.stuba.sk/zp/portal_zp.pl?podrobnosti=113482 
856 4 |u https://opac.crzp.sk/?fn=detailBiblioForm&sid=FF44C990A7CA883E4D8D51929FD7 
SQL |a stuzp52354  |b DBP  |c SLO  |d Bytový dom  |e 9664  |f Kovács, Arnold  |g 010270  |h 49118  |i Bažík, Peter  |j 20150623  |k 6  |l 01  |m http://is.stuba.sk/zp/portal_zp.pl?podrobnosti=113482  |n B-TMS  |o 5.2.8. stavebníctvo